Stokers' mess /

Bibliographic Details
Main Author: Skouen, Arne, 1913-
Other Authors: Birkeland, Joran
Format: Book
Language:English
Norwegian
Published: New York : A. A. Knopf, 1948.
Edition:[1st American ed.].

MARC

Tag First Indicator Second Indicator Subfields
LEADER 00000cam a2200000 4500
001 in00000021911
005 20151007063804.0
008 750806s1948 nyu 00001 eng u
010 |a  48006313  
035 |a (OCoLC)01515349 
035 |9 AAD8252AM 
040 |c DZM  |d TXA  |d UtOrBLW 
041 1 |a eng  |a nor 
049 |a TXAM  |c [153480] 
050 0 0 |a PZ3.S63002  |b St 
082 0 |a 839.8236 
090 |a PT8950.S59  |b S86 1948 
092 |a 839.823  |b S628s 
100 1 |a Skouen, Arne,  |d 1913- 
245 1 0 |a Stokers' mess /  |c tr. from the Norwegian by Joran Birkeland. 
250 |a [1st American ed.]. 
264 1 |a New York :  |b A. A. Knopf,  |c 1948. 
300 |a 237 pages ;  |c 19 cm. 
336 |a text  |b txt  |2 rdacontent 
337 |a unmediated  |b n  |2 rdamedia 
338 |a volume  |b nc  |2 rdacarrier 
500 |a "Originally published in Norway as Fest i Port des Galets." 
700 1 |a Birkeland, Joran. 
999 |a MARS 
999 f f |s 2c8b4a94-366d-337e-95a3-926cf092da01  |i 198cac18-8542-30e7-87f3-6c735da9b3be  |t 0 
952 f f |p ric  |a Texas A&M University  |b Rellis Campus  |c Joint Library Facility  |d Remote Storage  |t 0  |e PT8950.S59 S86 1948  |h Library of Congress classification  |i unmediated -- volume  |m A14801361498 
998 f f |a PT8950.S59 S86 1948  |t 0  |l Remote Storage